LIFE SKILLS EDUCATION SCHOOL GARDNING AND NUTRITION EDUCAATION TEACHER'S GUIDE FOR GRADE 6 (Record no. 22141)
[ view plain ]
| 000 -LEADER | |
|---|---|
| fixed length control field | 00356nam a22001097a 4500 |
| 040 ## - CATALOGING SOURCE | |
| Transcribing agency | FAO |
| 100 ## - MAIN ENTRY--AUTHOR NAME | |
| Personal name | HANG CHUONNARON |
| 245 ## - TITLE STATEMENT | |
| Title | LIFE SKILLS EDUCATION SCHOOL GARDNING AND NUTRITION EDUCAATION TEACHER'S GUIDE FOR GRADE 6 |
| 260 ## - PUBLICATION, DISTRIBUTION, ETC. (IMPRINT) | |
| Place of publication | Phnom Penh |
| Name of publisher | FOOD AND AGRICULTURE ORHANIZATION OF THE UNITED NATIONS |
| Year of publication | 2017 |
| 300 ## - PHYSICAL DESCRIPTION | |
| Number of Pages | VII.46P |
| Dimensions | 29CM |
| 942 ## - ADDED ENTRY ELEMENTS (KOHA) | |
| Koha item type | ADB |
No items available.